| 000 | 01131nac a22002531u 4500 | ||
|---|---|---|---|
| 010 | _a2001044410 | ||
| 020 | _a0471034452 (cloth : alk. paper) | ||
| 082 | 0 | 0 |
_a004.6 _bB2551 |
| 090 |
_c638 _d638 |
||
| 100 | _aBarker, Richard, | ||
| 245 | 1 | 0 |
_aStorage area network essentials : _ba complete guide to understanding and implementing SANs / _cRichard Barker, Paul Massiglia. |
| 260 |
_aNew York : _bWiley, _cc2002. |
||
| 300 |
_axxvii, 498 p. : _bill. ; _c25 cm. |
||
| 500 | _aIncludes index. | ||
| 650 | 0 | _aComputer networks. | |
| 650 | 0 | _aInformation storage and retrieval systems. | |
| 650 | 0 | _aComputer storage devices. | |
| 700 | 1 | _aMassiglia, Paul. | |
| 856 | 4 | 2 |
_3Contributor biographical information _uhttp://www.loc.gov/catdir/bios/wiley043/2001044410.html |
| 856 | 4 | 2 |
_3Publisher description _uhttp://www.loc.gov/catdir/description/wiley036/2001044410.html |
| 856 | 4 | 2 |
_3Table of contents _uhttp://www.loc.gov/catdir/toc/wiley021/2001044410.html |
| 942 |
_cBB _k004.6B2551 |
||
| 999 |
_c638 _d638 |
||